000 00626nam a22001937a 4500
005 20241206120246.0
008 241205b ||||| |||| 00| 0 eng d
020 _a9789391155490
040 _cAL
041 _aeng
082 _223
_a345.05
_bGARA
100 _aBrandon L Garrett
_9188042
245 _aAutopsy of a crime lab
_b: exposing the flaws in forensics
260 _aOakland, California
_bUniversity of California Press
_c2021
300 _a252p.
_bPB
_c23.2x15.2cm.
365 _2General
_a1060
_b₹437.00
_c
_d₹599.00
_e27%
_f28-11-2024
650 _2Criminal Law
_aCriminal Procedure
_9188043
942 _2ddc
_cBK
999 _c232144
_d232144